000 00598nam a2200217Ii 4500
001 13886
003 CO-ViMGA
008 241108s9999||||xx |||||||||||||| ||und||
020 _a8475307582
040 _aCO-ViMGA
_bspa
_erda
_cCO-ViMGA
041 0 _aspa
082 0 4 _a658.4 U79h
100 1 _aLyndall Urwick
_949887
245 1 0 _aLa historia del menagement
264 1 _aMadrid, EspaƱa : Orbis, 1970
300 _avolumen
336 _atext
_btxt
_2rdacontent
337 _aunmediated
_bn
_2rdamedia
338 _avolume
_bnc
_2rdacarrier
940 _aidficha_siabuc: 13584. -- ficha_no_siabuc:13886
999 _c44564
_d44564